000 00693nam a2200205 a 4500
001 000033140
005 20240411074013.0
008 110818s1932 dr r 000 j spa d
040 _aDO-SdBNP
_bspa
_cBNPHU
082 _aRD 863.4
_bD352d
100 1 _aDelgado Carbonell, R. A.
_958799
245 1 0 _aDos hermanos herederos /
_cpor R. A. Delgado Carbonell.
260 _aPuerto Plata, República Dominicana :
_bImprenta de Ortega,
_c1932.
300 _a187 p. ;
_c20 cm.
500 _aA la cabeza de la portada "Cuento de campo"
590 _aInventariado, 2018/VM
650 0 _aCuentos dominicanos
_9176
650 4 _aLiteratura dominica
_910516
910 _aValidado. Control de calidad MFF
999 _c32631
_d32631